Latin America in the era of the Cuban Revolution /

Bibliographic Details
Main Author: Wright, Thomas C.
Format: Book
Language:English
Published: New York : Praeger, 1991.
Subjects:

MARC

Tag First Indicator Second Indicator Subfields
LEADER 00000cam a2200000 a 4500
001 in00001065821
005 20150929101101.0
008 910219s1991 nyuab b 001 0 eng
010 |a  91009647  
020 |a 0275935833 (alk. paper) 
020 |a 0275940993 (pbk. : alk. paper) 
035 |a (OCoLC)23214042 
035 |9 AFP0942AM 
040 |a DLC  |c DLC  |d TXA  |d UtOrBLW 
043 |a cl-----  |a nwcu---  |a n-us--- 
049 |a TXAM 
050 0 0 |a F1414.2  |b .W75 1991 
082 0 0 |a 980.03/3  |2 20 
100 1 |a Wright, Thomas C. 
245 1 0 |a Latin America in the era of the Cuban Revolution /  |c Thomas C. Wright. 
264 1 |a New York :  |b Praeger,  |c 1991. 
300 |a xiv, 236 pages :  |b illustrations , maps ;  |c 25 cm. 
336 |a text  |b txt  |2 rdacontent 
337 |a unmediated  |b n  |2 rdamedia 
338 |a volume  |b nc  |2 rdacarrier 
536 |a Dr. Paul P. Van Riper Collection, Department of Political Science. 
504 |a Includes bibliographical references (pages [207]-221) and index. 
651 0 |a Latin America  |x Politics and government  |y 1948-1980. 
651 0 |a Cuba  |x History  |y Revolution, 1959  |x Influence. 
650 0 |a Radicalism  |z Latin America  |x History  |y 20th century. 
650 0 |a Violence  |z Latin America  |x History  |y 20th century. 
651 0 |a United States  |x Military policy. 
999 |a MARS 
999 f f |s 907b7cc5-1e2d-39c8-a4a0-22dc9d9dc6f0  |i 89b0e25d-67fb-33a8-8143-030f5fe5b2ee  |t 0 
952 f f |p normal  |a Texas A&M University  |b College Station  |c Sterling C. Evans Library  |d Evans: Library Stacks  |t 0  |e F1414.2 .W75 1991  |h Library of Congress classification  |i unmediated -- volume  |m A14815658108 
998 f f |a F1414.2 .W75 1991  |t 0  |l Evans: Library Stacks